000 00414nam a2200181Ia 4500
001 15367
005 20260306170151.0
008 260306t2004||||xx |||||||||||||| ||und||
041 _aESP
082 _a536.7
_bM86
100 _aMorán, Michael J.
_eAUT
245 0 _aFundamentos de termodinámica técnica
260 _c2004
300 _a
_c
650 _aGEN
654 _aCCN
942 _cLIB
_dJUS
_fJUS
_2ddc
_n
999 _c15367
_d15367